000
00292nam a22001337a 4500
008
170508b xxu||||| |||| 00| 0 eng d
020
_a
9780735540248
041
_a
eng
080
_2
3RD
_a
34
100
_a
15
101
_a
SHJ
245
_a
THE LAW OF TORTS
_c
GLANNON, J.W
942
_2
udc
_c
BK
999
_c
12959
_d
12959